|
|
|
|
| LEADER |
00000nam a2200000 a 4500 |
| 001 |
vtls001375079 |
| 003 |
SK-MaSNL |
| 005 |
20260301201402.0 |
| 008 |
240318s1999 xo ap r y slo |
| 015 |
|
|
|a SNBA1999/12-04416
|
| 020 |
|
|
|a 8022405442
|
| 035 |
|
|
|a SNK000328977
|
| 035 |
|
|
|a urn:nbn:sk:snk-amkk7k
|
| 035 |
|
|
|a urn:nbn:sk:snk-am003e0g
|
| 035 |
|
|
|a 1238E5DD-AC61-4625-9512-AC62EB234685
|
| 040 |
|
|
|a SNK
|b slo
|c SNK
|e AACR2
|
| 041 |
0 |
|
|a slo
|
| 044 |
|
|
|a xo
|c SK
|
| 080 |
|
|
|a 614(437.6)"1918/1938"
|2 1981
|
| 100 |
1 |
|
|a Falisová, Anna,
|d 1959-
|4 aut
|9 14891
|
| 245 |
1 |
0 |
|a Zdravotníctvo na Slovensku v medzivojnovom období
|c Anna Falisová
|
| 260 |
|
|
|a Bratislava
|b Veda
|c 1999
|
| 300 |
|
|
|a 203 s.
|b fotogr., tab.
|c 24 cm
|
| 504 |
|
|
|a Pozn.
|
| 650 |
0 |
7 |
|a zdravotníctvo
|z Slovensko
|x dejiny
|y 1918-193 8
|2 SNK
|9 581904
|
| 655 |
|
7 |
|a príručky
|2 SNK
|9 74364
|
| 919 |
|
|
|a 80-224-0544-2
|
| 958 |
|
|
|a TL
|
| 958 |
|
|
|a MI
|
| 999 |
|
|
|c 894577
|d 896507
|
| 952 |
|
|
|t P60, <03>, [BOOK], {603}
|a SNK
|b SNK
|y PREZ
|7 0
|p 17A0214638
|o snkSC 99893
|i snkKSP 10350/99
|0 0
|1 0
|4 0
|d 1999-10-20
|f 1
|l 0
|r 2025-09-19 00:00:00
|w 2026-02-24
|
| 952 |
|
|
|t P60, <04>, [BOOK], {604}
|a SNK
|b SNK
|y VYP
|7 0
|p 17A0214639
|o snkSC 99893 D1
|i snkKSP 10351/99
|0 0
|1 0
|4 0
|d 1999-10-20
|l 0
|r 2005-01-02 00:00:00
|w 2026-02-24
|